[Event "Benidorm 2013 - Torneo sub2300"]
[Site "Benidorm ESP"]
[Date "2013.11.29"]
[Round "1.58"]
[White "Acebal Muniz, Antonio"]
[Black "Ginzburg, Natan"]
[Result "1-0"]
[WhiteElo "2140"]
[BlackElo "1941"]
[PlyCount "57"]
[EventDate "2013.11.29"]
[EventType "swiss"]
[EventRounds "10"]
[EventCountry "ESP"]
[Source "lmi"]
[SourceDate "2013.11.29"]

1. Nf3 f5 2. c4 d6 3. d4 Nf6 4. g3 g6 5. Bg2 Bg7 6. O-O O-O 7. Nc3 Nc6 8. d5
Na5 9. Qd3 e5 10. dxe6 Bxe6 11. b3 Nc6 12. Ng5 Bd7 13. Bb2 h6 14. Bd5+ Nxd5 15.
Qxd5+ Kh8 16. Nf7+ Rxf7 17. Qxf7 Ne5 18. Qd5 f4 19. gxf4 Qh4 20. fxe5 Bc6 21.
Qd3 Bxe5 22. f4 Qg4+ 23. Qg3 Bd4+ 24. e3 Bxe3+ 25. Rf2 Bxf2+ 26. Kxf2 Qxg3+ 27.
hxg3 Kg8 28. Nd5 Bxd5 29. cxd5 1-0

[Event "Benidorm 2013 - Torneo sub2300"]
[Site "Benidorm ESP"]
[Date "2013.11.29"]
[Round "1.67"]
[White "Garcia Esteban, Ignacio"]
[Black "Grau Brumos, Isidre"]
[Result "1/2-1/2"]
[WhiteElo "1874"]
[BlackElo "2109"]
[PlyCount "52"]
[EventDate "2013.11.29"]
[EventType "swiss"]
[EventRounds "10"]
[EventCountry "ESP"]
[Source "lmi"]
[SourceDate "2013.11.29"]

1. e4 d6 2. d4 Nf6 3. Nc3 g6 4. h3 Bg7 5. Bg5 c5 6. Nf3 cxd4 7. Nxd4 Qa5 8. Bd2
Nxe4 9. Bb5+ Bd7 10. Nxe4 Qb6 11. Bxd7+ Nxd7 12. Bc3 d5 13. Ng3 e5 14. Nb3 d4
15. Ba5 Qc6 16. O-O b6 17. Bd2 f5 18. Qe2 O-O 19. c3 Rfe8 20. Rac1 dxc3 21.
Bxc3 Qa4 22. Rfd1 Nf8 23. Ra1 Ne6 24. Qe1 Qc6 25. Rac1 Qa4 26. Ra1 Qc6 1/2-1/2

[Event "Benidorm 2013 - Torneo sub2300"]
[Site "Benidorm ESP"]
[Date "2013.11.29"]
[Round "1.68"]
[White "Sanchez Dengra, Jose Maria"]
[Black "Machlik, Edit"]
[Result "1/2-1/2"]
[WhiteElo "2109"]
[BlackElo "1862"]
[PlyCount "50"]
[EventDate "2013.11.29"]
[EventType "swiss"]
[EventRounds "10"]
[EventCountry "ESP"]
[Source "lmi"]
[SourceDate "2013.11.29"]

1. e4 c5 2. Nf3 a6 3. c4 Nc6 4. d4 cxd4 5. Nxd4 e5 6. Nf5 d6 7. Ne3 g6 8. Nc3
Nge7 9. Bd3 Bg7 10. O-O O-O 11. Ned5 Nxd5 12. Nxd5 Nd4 13. Be3 Be6 14. Bxd4
exd4 15. Qb3 Bxd5 16. cxd5 Qd7 17. Rac1 Rac8 18. Qb6 Be5 19. Rce1 Rc5 20. f4
Bg7 21. Qb4 Rfc8 22. f5 Be5 23. Qd2 Qe7 24. Qf2 Kg7 25. Kh1 R8c7 1/2-1/2

[Event "Benidorm 2013 - Torneo sub2300"]
[Site "Benidorm ESP"]
[Date "2013.11.29"]
[Round "1.71"]
[White "Forsa, Elise"]
[Black "Iturbide Arnedo, Oscar"]
[Result "0-1"]
[WhiteElo "1793"]
[BlackElo "2102"]
[PlyCount "42"]
[EventDate "2013.11.29"]
[EventType "swiss"]
[EventRounds "10"]
[EventCountry "ESP"]
[Source "lmi"]
[SourceDate "2013.11.29"]

1. e4 g6 2. Nf3 Bg7 3. d4 c5 4. Be3 cxd4 5. Nxd4 Nf6 6. Nc3 Nc6 7. Bc4 d6 8. f3
Qb6 9. Nf5 Qxb2 10. Nxg7+ Kf8 11. Bd2 Kxg7 12. Bb3 Qa3 13. Be3 Qa5 14. Qd2 h6
15. O-O Bd7 16. f4 Rac8 17. Rad1 Qh5 18. Rde1 Ng4 19. Bd4+ Nxd4 20. Qxd4+ e5
21. h3 exd4 0-1

[Event "Benidorm 2013 - Torneo sub2300"]
[Site "Benidorm ESP"]
[Date "2013.11.30"]
[Round "2.1"]
[White "Rodriguez Fontecha, Marcos"]
[Black "Jordan Martinez, Miguel"]
[Result "1-0"]
[WhiteElo "2300"]
[BlackElo "2178"]
[PlyCount "39"]
[EventDate "2013.11.29"]
[EventType "swiss"]
[EventRounds "10"]
[EventCountry "ESP"]
[Source "lmi"]
[SourceDate "2013.11.29"]

1. d4 d5 2. Bf4 Nf6 3. e3 c5 4. c3 Nc6 5. Nd2 Qb6 6. Qb3 Bf5 7. dxc5 Qxb3 8.
axb3 e5 9. Bg3 Bxc5 10. b4 Bd6 11. b5 Ne7 12. Ngf3 Ng6 13. h4 h5 14. Nd4 exd4
15. Bxd6 dxe3 16. fxe3 Kd7 17. Bc5 b6 18. Bd4 Rhe8 19. Be2 Nf4 20. exf4 1-0

[Event "Benidorm 2013 - Torneo sub2300"]
[Site "Benidorm ESP"]
[Date "2013.11.30"]
[Round "2.2"]
[White "Moreno Ibanez, Miguel"]
[Black "Carrascoso Morales, Abel"]
[Result "0-1"]
[WhiteElo "2178"]
[BlackElo "2300"]
[PlyCount "80"]
[EventDate "2013.11.29"]
[EventType "swiss"]
[EventRounds "10"]
[EventCountry "ESP"]
[Source "lmi"]
[SourceDate "2013.11.29"]

1. e4 c5 2. Nf3 d6 3. d4 cxd4 4. Nxd4 Nf6 5. Nc3 g6 6. Be3 Bg7 7. f3 Nc6 8. Qd2
O-O 9. O-O-O d5 10. exd5 Nxd5 11. Nxc6 bxc6 12. Bd4 Nxc3 13. Qxc3 Bh6+ 14. Be3
Bxe3+ 15. Qxe3 Qb6 16. Qxe7 Be6 17. Qa3 Rad8 18. Bd3 Rd5 19. Qc3 Rc5 20. Qf6
Bxa2 21. Rhe1 Bd5 22. h4 Ra5 23. h5 Ra1+ 24. Kd2 Qb4+ 25. c3 Qxb2+ 26. Ke3 Re8+
27. Be4 Rxd1 28. Rxd1 Qb6+ 29. Rd4 Re6 30. Qf4 f5 31. c4 Bxe4 32. c5 Bd5+ 33.
Kf2 Qxc5 34. Qb8+ Kg7 35. Qf4 gxh5 36. Qg3+ Kf7 37. Qh4 Qc2+ 38. Kg1 Rg6 39.
Qh2 Qc1+ 40. Kf2 Qb2+ 0-1

[Event "Benidorm 2013 - Torneo sub2300"]
[Site "Benidorm ESP"]
[Date "2013.11.30"]
[Round "2.3"]
[White "Valmana Canto, Jaime"]
[Black "Sanchez Barbado, Carlos"]
[Result "1-0"]
[WhiteElo "2298"]
[BlackElo "2154"]
[PlyCount "97"]
[EventDate "2013.11.29"]
[EventType "swiss"]
[EventRounds "10"]
[EventCountry "ESP"]
[Source "lmi"]
[SourceDate "2013.11.29"]

1. e4 c5 2. Nc3 e6 3. Nf3 Nc6 4. Bb5 Nge7 5. O-O a6 6. Bxc6 Nxc6 7. d4 cxd4 8.
Nxd4 Qc7 9. Re1 Be7 10. Nxc6 dxc6 11. e5 O-O 12. Qh5 f5 13. exf6 Bxf6 14. Ne4
Qf7 15. Qe2 Be7 16. Bg5 e5 17. Bxe7 Qxe7 18. Rad1 Bf5 19. Nd6 Rad8 20. Nxf5
Rxf5 21. Qc4+ Kh8 22. Rxd8+ Qxd8 23. Qe6 Qf8 24. f3 h6 25. Rxe5 Rxe5 26. Qxe5
Qd8 27. c4 Qd1+ 28. Kf2 Qd2+ 29. Kg3 Qd7 30. h4 Qf7 31. b3 Qg6+ 32. Kh3 Qf7 33.
h5 Qd7+ 34. g4 Qd1 35. Kg3 Qg1+ 36. Kf4 Qc1+ 37. Kf5 Qg5+ 38. Ke6 Qd8 39. Qd6
Qe8+ 40. Qe7 Qc8+ 41. Qd7 Qf8 42. Qf7 Qc8+ 43. Ke5 Qb8+ 44. Kf5 Qd8 45. Qxb7
Qf6+ 46. Ke4 Qe6+ 47. Kd4 Qf6+ 48. Kc5 Qxf3 49. Qc8+ 1-0

[Event "Benidorm 2013 - Torneo sub2300"]
[Site "Benidorm ESP"]
[Date "2013.11.30"]
[Round "2.4"]
[White "Royset, Jon K"]
[Black "Quintin Navarro, Alberto"]
[Result "0-1"]
[WhiteElo "2154"]
[BlackElo "2288"]
[PlyCount "68"]
[EventDate "2013.11.29"]
[EventType "swiss"]
[EventRounds "10"]
[EventCountry "ESP"]
[Source "lmi"]
[SourceDate "2013.11.29"]

1. d4 Nf6 2. c4 g6 3. Nc3 Bg7 4. e4 d6 5. Nf3 Bg4 6. Be2 O-O 7. O-O Nfd7 8. Be3
c5 9. d5 Na6 10. Qd2 Nc7 11. h3 Bxf3 12. Bxf3 a6 13. Be2 Qb8 14. Bg5 Re8 15. f4
b5 16. e5 dxe5 17. f5 Qb6 18. a4 bxa4 19. Bd1 Nf6 20. Bxa4 Red8 21. Qf2 Rab8
22. b3 e4 23. Rac1 Nce8 24. Be3 Rbc8 25. g4 Nd6 26. fxg6 hxg6 27. Qh4 Rc7 28.
Kh1 Nh7 29. Ne2 Be5 30. Qh6 Kh8 31. Rb1 Qb4 32. Rf2 Rg8 33. Rbf1 g5 34. Bd2
Qxd2 0-1

[Event "Benidorm 2013 - Torneo sub2300"]
[Site "Benidorm ESP"]
[Date "2013.11.30"]
[Round "2.5"]
[White "Navarro Lopez-Menchero, Daniel"]
[Black "Gromovs, Sergejs"]
[Result "1/2-1/2"]
[WhiteElo "2283"]
[BlackElo "2148"]
[PlyCount "130"]
[EventDate "2013.11.29"]
[EventType "swiss"]
[EventRounds "10"]
[EventCountry "ESP"]
[Source "lmi"]
[SourceDate "2013.11.29"]

1. e4 d6 2. d4 Nf6 3. Nc3 g6 4. Bg5 c6 5. Nf3 Bg7 6. h3 O-O 7. Qd2 b5 8. Bd3
Nbd7 9. O-O Nb6 10. a4 b4 11. Ne2 a5 12. Bh6 c5 13. Bxg7 Kxg7 14. c4 cxd4 15.
Nexd4 Bb7 16. Qe2 e5 17. Nb5 Qe7 18. Nd2 Rfc8 19. b3 Nbd7 20. Rad1 Nc5 21. Bc2
Rd8 22. Qe3 Rac8 23. f4 exf4 24. Qxf4 Qe5 25. Rde1 Bc6 26. Qf2 Bxb5 27. axb5
Ne6 28. Nf3 Qc5 29. e5 dxe5 30. Rxe5 Qxf2+ 31. Kxf2 Nc5 32. Ra1 a4 33. bxa4 b3
34. Bb1 Rd1 35. Re1 b2 36. Ra2 Nce4+ 37. Kg1 Rxe1+ 38. Nxe1 Rxc4 39. Rxb2 Rxa4
40. Bxe4 Nxe4 41. Nd3 Ra1+ 42. Kh2 Ra7 43. b6 Rb7 44. g4 f5 45. gxf5 gxf5 46.
Kg2 Kf6 47. Kf3 Ng5+ 48. Kg3 Ne6 49. Nf4 Nc5 50. Rb5 Ne4+ 51. Kh4 Nd6 52. Rb4
Ke5 53. Nd3+ Kd5 54. Kg5 Kc6 55. Ne5+ Kc5 56. Nd3+ Kc6 57. h4 Rxb6 58. Ne5+ Kc5
59. Rxb6 Kxb6 60. Nd7+ Kc7 61. Nf8 Kd8 62. Nxh7 Ke7 63. h5 Ne4+ 64. Kxf5 Ng3+
65. Kg6 Nxh5 1/2-1/2

[Event "Benidorm 2013 - Torneo sub2300"]
[Site "Benidorm ESP"]
[Date "2013.11.30"]
[Round "2.6"]
[White "Arias Igual, Alejandro"]
[Black "Lopez Del Alamo, Antonio"]
[Result "1/2-1/2"]
[WhiteElo "2178"]
[BlackElo "2281"]
[PlyCount "174"]
[EventDate "2013.11.29"]
[EventType "swiss"]
[EventRounds "10"]
[EventCountry "ESP"]
[Source "lmi"]
[SourceDate "2013.11.29"]

1. d4 Nf6 2. Nf3 g6 3. Bg5 Bg7 4. Nbd2 d5 5. e3 c5 6. c3 Qb6 7. Qb3 Nc6 8. Be2
O-O 9. O-O Bf5 10. Bxf6 Bxf6 11. Qxd5 Qxb2 12. e4 Bg4 13. e5 Bg7 14. Rab1 Qxc3
15. Rxb7 Rac8 16. Ne4 Bxf3 17. Qxc6 Qxd4 18. Nf6+ Bxf6 19. Qxf3 Qxe5 20. Bc4
Rc7 21. Rb3 Rd7 22. g3 Qf5 23. Qxf5 gxf5 24. Ra3 Bd4 25. Rb1 e6 26. Ra6 Kg7 27.
Rb3 Kf6 28. Kg2 Rc7 29. Kf3 Rd8 30. Rba3 Rdd7 31. Bb5 Re7 32. Bc4 Rb7 33. Rb3
Rb4 34. Rxb4 cxb4 35. Rc6 Bb6 36. Bb3 Rc7 37. Rxc7 Bxc7 38. h3 Ke5 39. g4 f4
40. Ke2 Kd4 41. f3 Kc3 42. h4 Bd8 43. h5 h6 44. Ba4 a5 45. Bb3 Be7 46. Kd1 Kd3
47. Ba4 Ke3 48. Bc6 a4 49. Kc2 Bf6 50. Bb7 Bc3 51. Bc6 Bd4 52. Bb7 Bh8 53. Bc6
Bg7 54. Bb7 Kf2 55. Bc6 Kg3 56. Kc1 f5 57. gxf5 e5 58. Kc2 Kh4 59. Bxa4 Kxh5
60. Kd3 Kg5 61. Ke4 Bf6 62. Bc6 h5 63. Bb5 Kh4 64. Be8 Kg5 65. Bb5 Bh8 66. Bc4
Kf6 67. Bf1 Bg7 68. Bb5 Ke7 69. Kd5 Bf6 70. Bc4 Kd7 71. Bd3 Bg7 72. Bf1 Ke7 73.
Bc4 Kf6 74. Ke4 Bf8 75. Bb5 Bc5 76. Bc4 Bd4 77. Bb5 Kg5 78. Bc4 Bc3 79. Bb5 Kf6
80. Bc4 Bd4 81. Bb5 Bb6 82. Bc4 Bd8 83. Bb5 Be7 84. Bc4 Bf8 85. Bb5 Bg7 86. Bc4
Ke7 87. Kd5 Kf6 1/2-1/2

[Event "Benidorm 2013 - Torneo sub2300"]
[Site "Benidorm ESP"]
[Date "2013.11.30"]
[Round "2.7"]
[White "Suarez Roa, Jose Francisco"]
[Black "Montoliu Cervero, Francisco"]
[Result "1/2-1/2"]
[WhiteElo "2162"]
[BlackElo "2280"]
[PlyCount "96"]
[EventDate "2013.11.29"]
[EventType "swiss"]
[EventRounds "10"]
[EventCountry "ESP"]
[Source "lmi"]
[SourceDate "2013.11.29"]

1. e4 c5 2. Ne2 d6 3. g3 g6 4. Bg2 Bg7 5. c3 e6 6. d4 cxd4 7. cxd4 Ne7 8. Nbc3
O-O 9. O-O b6 10. Be3 Bb7 11. Qd2 Re8 12. Rac1 a6 13. Rfd1 d5 14. Bg5 f6 15.
Bh6 Bh8 16. Nf4 Qd7 17. exd5 Nxd5 18. Ncxd5 exd5 19. Re1 Re4 20. Nxd5 Bxd5 21.
Rxe4 Nc6 22. Qe2 Kf7 23. Rxc6 Bxc6 24. d5 Bb5 25. Qe3 f5 26. Re6 Re8 27. Qxb6
Rxe6 28. dxe6+ Qxe6 29. Qb7+ Qd7 30. Bd5+ Ke7 31. Qxd7+ Bxd7 32. Bc4 Bxb2 33.
Bxa6 Ba3 34. Bc4 Be6 35. Bf8+ Kxf8 36. Bxe6 Ke7 37. Bb3 h6 38. Kf1 g5 39. Ke2
g4 40. f3 gxf3+ 41. Kxf3 Kf6 42. h3 Bd6 43. a4 Bc7 44. Bd1 Kg5 45. Be2 Bb6 46.
h4+ Kf6 47. g4 fxg4+ 48. Kxg4 Kg6 1/2-1/2

[Event "Benidorm 2013 - Torneo sub2300"]
[Site "Benidorm ESP"]
[Date "2013.11.30"]
[Round "2.8"]
[White "Sos Andreu, Eric"]
[Black "Sesma Rubio, Patxi"]
[Result "1-0"]
[WhiteElo "2276"]
[BlackElo "2146"]
[PlyCount "45"]
[EventDate "2013.11.29"]
[EventType "swiss"]
[EventRounds "10"]
[EventCountry "ESP"]
[Source "lmi"]
[SourceDate "2013.11.29"]

1. d4 Nf6 2. c4 e6 3. g3 d5 4. Nf3 Be7 5. Bg2 O-O 6. O-O c6 7. Qc2 Nbd7 8. Bf4
Nh5 9. Bc1 Nhf6 10. Rd1 b6 11. Bf4 Bb7 12. Nc3 Nh5 13. Bc1 Nhf6 14. Ne5 Nxe5
15. dxe5 Nd7 16. cxd5 cxd5 17. e4 Qc7 18. exd5 exd5 19. Bf4 Qc4 20. Qf5 Qc8 21.
Bxd5 Nc5 22. Qxc8 Raxc8 23. Bxb7 1-0

[Event "Benidorm 2013 - Torneo sub2300"]
[Site "Benidorm ESP"]
[Date "2013.11.30"]
[Round "2.9"]
[White "Sabater Sanchez, Asensio"]
[Black "Ballesteros Gonzalez, David"]
[Result "1-0"]
[WhiteElo "2151"]
[BlackElo "2262"]
[PlyCount "113"]
[EventDate "2013.11.29"]
[EventType "swiss"]
[EventRounds "10"]
[EventCountry "ESP"]
[Source "lmi"]
[SourceDate "2013.11.29"]

1. d4 Nf6 2. Bg5 d5 3. Bxf6 exf6 4. g3 c6 5. Bg2 Qb6 6. b3 a5 7. c3 Bd6 8. e3
f5 9. Ne2 Nd7 10. O-O Nf6 11. c4 Qd8 12. cxd5 cxd5 13. Nbc3 Be6 14. Qd3 Qd7 15.
Na4 Ra6 16. Rac1 O-O 17. Nc5 Bxc5 18. Rxc5 Ne4 19. Bxe4 fxe4 20. Qc2 Bg4 21.
Nf4 Rd6 22. Rc7 Qf5 23. f3 exf3 24. Qxf5 Bxf5 25. Rxf3 Be4 26. Rf1 b6 27. h4 h6
28. Rfc1 g5 29. hxg5 hxg5 30. Nh3 g4 31. Nf2 Bf3 32. a3 Re6 33. R1c3 Rfe8 34.
Nd3 Rxe3 35. Ne5 Re1+ 36. Kf2 Re2+ 37. Kf1 R8xe5 38. dxe5 Rxe5 39. Rd7 Be2+ 40.
Kf2 Bb5 41. Rd8+ Kg7 42. Re3 Rf5+ 43. Ke1 a4 44. bxa4 Bxa4 45. Rd6 Bc2 46. Kd2
Be4 47. Rxb6 Rf2+ 48. Kc3 Rc2+ 49. Kd4 f6 50. Rc3 Rd2+ 51. Ke3 Rg2 52. Kd4 Rd2+
53. Kc5 f5 54. Kd6 Kf6 55. Rc8 Rd3 56. Rf8+ Kg7 57. Ke7 1-0

[Event "Benidorm 2013 - Torneo sub2300"]
[Site "Benidorm ESP"]
[Date "2013.11.30"]
[Round "2.10"]
[White "Shen ***, Yue"]
[Black "Murcia Paredes, Angel"]
[Result "1-0"]
[WhiteElo "2262"]
[BlackElo "2121"]
[PlyCount "79"]
[EventDate "2013.11.29"]
[EventType "swiss"]
[EventRounds "10"]
[EventCountry "ESP"]
[Source "lmi"]
[SourceDate "2013.11.29"]

1. d4 Nf6 2. c4 g6 3. Nf3 Bg7 4. g3 d6 5. Bg2 O-O 6. O-O Nbd7 7. Nc3 e5 8. e4
exd4 9. Nxd4 a6 10. h3 Re8 11. Be3 Rb8 12. a4 Ne5 13. b3 Bd7 14. Qc2 Qc8 15.
Kh2 c5 16. Nde2 b5 17. cxb5 axb5 18. axb5 Bxb5 19. Rfd1 Bc6 20. Rxd6 c4 21.
bxc4 Nxc4 22. Rxc6 Qxc6 23. e5 Nxe3 24. fxe3 Ng4+ 25. hxg4 Qc7 26. Qa4 Bxe5 27.
Rc1 Qe7 28. Bf3 Rec8 29. Nd5 Qd8 30. Rxc8 Rxc8 31. Qe4 Qg5 32. Kh3 Rb8 33. Ndf4
Rb2 34. Qa8+ Kg7 35. Qa7 Qf6 36. Bd5 h6 37. Nd4 Kg8 38. Qd7 Bxd4 39. exd4 g5
40. Qe8+ 1-0

[Event "Benidorm 2013 - Torneo sub2300"]
[Site "Benidorm ESP"]
[Date "2013.11.30"]
[Round "2.11"]
[White "Riquelme Valero, Manuel Damian"]
[Black "Cantero, Antonio"]
[Result "1/2-1/2"]
[WhiteElo "2130"]
[BlackElo "2262"]
[PlyCount "64"]
[EventDate "2013.11.29"]
[EventType "swiss"]
[EventRounds "10"]
[EventCountry "ESP"]
[Source "lmi"]
[SourceDate "2013.11.29"]

1. d4 d5 2. c4 e6 3. Nf3 Be7 4. Nc3 Nf6 5. Bf4 O-O 6. e3 Nbd7 7. h3 c6 8. cxd5
Nxd5 9. Nxd5 exd5 10. Bd3 Nf6 11. O-O Ne4 12. Nd2 f5 13. a3 a5 14. Qc2 Bd6 15.
Bxd6 Qxd6 16. Nf3 a4 17. b4 axb3 18. Qxb3 Kh8 19. Qb4 Rf6 20. Bxe4 dxe4 21. Ne5
Qd8 22. f3 exf3 23. Rxf3 Kg8 24. Raf1 Qd6 25. Qxd6 Rxd6 26. Ra1 Be6 27. Rf2 g6
28. Rb2 b5 29. Nd3 Bc4 30. Ne5 Bd5 31. Nd3 Bc4 32. Ne5 f4 1/2-1/2

[Event "Benidorm 2013 - Torneo sub2300"]
[Site "Benidorm ESP"]
[Date "2013.11.30"]
[Round "2.12"]
[White "Cano Gimenez, Vicente"]
[Black "Lorenzo Duran, Marcos"]
[Result "1-0"]
[WhiteElo "2260"]
[BlackElo "2112"]
[PlyCount "119"]
[EventDate "2013.11.29"]
[EventType "swiss"]
[EventRounds "10"]
[EventCountry "ESP"]
[Source "lmi"]
[SourceDate "2013.11.29"]

1. Nf3 d5 2. g3 c6 3. Bg2 Bg4 4. c4 e6 5. Qc2 Nf6 6. b3 Nbd7 7. Bb2 Bd6 8. O-O
O-O 9. Nc3 dxc4 10. bxc4 Bxf3 11. exf3 Be5 12. Ba3 Re8 13. Rab1 Qa5 14. Bb4 Qa6
15. f4 Bd4 16. Ne2 Bb6 17. d4 Rac8 18. Rb3 Bd8 19. Ra3 Qb6 20. c5 Qc7 21. Rxa7
Nd5 22. Bd2 Qb8 23. Ra3 b5 24. cxb6 N7xb6 25. Rb1 Qd6 26. Rab3 c5 27. dxc5 Rxc5
28. Qd3 Qc7 29. Nc3 Nxc3 30. Bxc3 Nd5 31. Be5 Rc1+ 32. Bf1 Qc6 33. Rxc1 Qxc1
34. Rb1 Qc5 35. Rb8 f6 36. Qb5 Qxb5 37. Bxb5 Rf8 38. Bd6 Be7 39. Rxf8+ Kxf8 40.
Bxe7+ Kxe7 41. Bc4 Nc3 42. f3 Kd6 43. Kf2 e5 44. fxe5+ Kxe5 45. Ke3 Na4 46. f4+
Kd6 47. Kd4 Nc5 48. Bb5 Ne6+ 49. Ke4 Kc5 50. a4 Nc7 51. Kf5 Kd6 52. Bc4 Kc5 53.
Bg8 Kb4 54. Bxh7 Kxa4 55. Kg6 Ne6 56. Kf7 Nd4 57. Kxg7 Nf3 58. Kxf6 Nxh2 59.
Bf5 Nf1 60. g4 1-0

[Event "Benidorm 2013 - Torneo sub2300"]
[Site "Benidorm ESP"]
[Date "2013.11.30"]
[Round "2.13"]
[White "Nunez Reiz, Antonio"]
[Black "Parligras, Cosmin"]
[Result "0-1"]
[WhiteElo "2119"]
[BlackElo "2257"]
[PlyCount "120"]
[EventDate "2013.11.29"]
[EventType "swiss"]
[EventRounds "10"]
[EventCountry "ESP"]
[Source "lmi"]
[SourceDate "2013.11.29"]

1. e4 c5 2. d3 d5 3. exd5 Qxd5 4. Nc3 Qd7 5. Nf3 Nc6 6. Bf4 Nf6 7. Be2 g6 8.
Qd2 b6 9. Nb5 Ne5 10. Nxe5 Qxb5 11. Bf3 Qxb2 12. O-O g5 13. Bc6+ Bd7 14. Nc4
Bxc6 15. Nxb2 gxf4 16. Qxf4 Rg8 17. f3 Nd5 18. Qh4 Bg7 19. Nc4 Bf6 20. Qe1 Bc3
21. Qe4 Bd4+ 22. Kh1 Nb4 23. Qe2 Nd5 24. g3 O-O-O 25. Ne5 Bb7 26. a4 Rd6 27. a5
Re6 28. Rae1 Rxe5 29. Qxe5 Bxe5 30. Rxe5 e6 31. Kg1 Nb4 32. Rf2 Kd7 33. axb6
axb6 34. Rh5 Rg7 35. f4 f6 36. Rd2 Nc6 37. c3 Ne7 38. d4 c4 39. Rh6 Nd5 40. Rb2
Kc6 41. Kf1 Rf7 42. Re2 Bc8 43. Ke1 Nxc3 44. Rc2 Nd5 45. Rxc4+ Kb7 46. Kd2 Bd7
47. Rc1 Bc6 48. Rf1 Ne7 49. g4 Be4 50. Re1 Bd5 51. g5 fxg5 52. fxg5 Nf5 53. Rf6
Rg7 54. Kd3 b5 55. Rg1 Rc7 56. g6 hxg6 57. Rgxg6 Rh7 58. h4 Rxh4 59. Rf7+ Kc6
60. Rxf5 Be4+ 0-1

[Event "Benidorm 2013 - Torneo sub2300"]
[Site "Benidorm ESP"]
[Date "2013.11.30"]
[Round "2.14"]
[White "Olhovik, Andrei"]
[Black "Vinal Gutierrez, Pedro"]
[Result "1/2-1/2"]
[WhiteElo "2252"]
[BlackElo "2108"]
[PlyCount "54"]
[EventDate "2013.11.29"]
[EventType "swiss"]
[EventRounds "10"]
[EventCountry "ESP"]
[Source "lmi"]
[SourceDate "2013.11.29"]

1. d4 Nf6 2. c4 c5 3. d5 e6 4. Nc3 exd5 5. cxd5 d6 6. e4 g6 7. h3 Bg7 8. Nf3
O-O 9. Bd3 Re8 10. O-O a6 11. a4 Nbd7 12. Bf4 Qc7 13. Re1 Nh5 14. Bh2 Rb8 15.
Be2 Bxc3 16. bxc3 Nhf6 17. Bd3 c4 18. Bc2 b5 19. Qd4 Ne5 20. axb5 axb5 21. Ra7
Nxf3+ 22. gxf3 Qd8 23. Bg3 Nh5 24. h4 f5 25. f4 fxe4 26. Rxe4 Bf5 27. Rxe8+
Qxe8 1/2-1/2

[Event "Benidorm 2013 - Torneo sub2300"]
[Site "Benidorm ESP"]
[Date "2013.11.30"]
[Round "2.21"]
[White "Bosque Ortega, Xavier"]
[Black "Jimenez Almeida, Luis David"]
[Result "1-0"]
[WhiteElo "2197"]
[BlackElo "1985"]
[PlyCount "55"]
[EventDate "2013.11.29"]
[EventType "swiss"]
[EventRounds "10"]
[EventCountry "ESP"]
[Source "lmi"]
[SourceDate "2013.11.29"]

1. d4 c5 2. e3 Nf6 3. Nf3 g6 4. c4 Bg7 5. Nc3 O-O 6. Be2 d6 7. O-O Nbd7 8. b3
b6 9. Bb2 Bb7 10. d5 a6 11. Qd2 Qc7 12. Rad1 h6 13. Nh4 Rae8 14. f4 Nh7 15. Bd3
e5 16. dxe6 Rxe6 17. f5 Rxe3 18. fxg6 fxg6 19. Nd5 Bxd5 20. Bxg7 Rxf1+ 21. Rxf1
Re7 22. Bxh6 Bf7 23. Nxg6 Re6 24. Ne7+ Rxe7 25. Bxh7+ Kxh7 26. Qg5 Bg6 27.
Qxe7+ Kxh6 28. Rf8 1-0

[Event "Benidorm 2013 - Torneo sub2300"]
[Site "Benidorm ESP"]
[Date "2013.11.30"]
[Round "2.23"]
[White "Saenz Narciso, Miguel Angel"]
[Black "Mascarell Canet, Ricardo"]
[Result "1-0"]
[WhiteElo "2191"]
[BlackElo "1977"]
[PlyCount "53"]
[EventDate "2013.11.29"]
[EventType "swiss"]
[EventRounds "10"]
[EventCountry "ESP"]
[Source "lmi"]
[SourceDate "2013.11.29"]

1. e4 c5 2. Nf3 d6 3. Bb5+ Bd7 4. Bxd7+ Nxd7 5. O-O e6 6. c4 Be7 7. d4 cxd4 8.
Nxd4 Ngf6 9. Nc3 a6 10. b3 O-O 11. Kh1 Qa5 12. Bb2 Rac8 13. Qe1 Qh5 14. Rd1 g6
15. Rd3 Rfe8 16. f4 Bf8 17. f5 exf5 18. Rh3 Qg4 19. Rh4 Qg5 20. Nf3 Qxh4 21.
Qxh4 fxe4 22. Ng5 e3 23. Nd5 h6 24. Bxf6 e2 25. Re1 Nc5 26. Bc3 b5 27. Nf6+ 1-0

[Event "Benidorm 2013 - Torneo sub2300"]
[Site "Benidorm ESP"]
[Date "2013.11.30"]
[Round "2.25"]
[White "Lacrosse, Marc"]
[Black "Cruz Gonzalez, Antonio"]
[Result "1-0"]
[WhiteElo "2189"]
[BlackElo "2009"]
[PlyCount "59"]
[EventDate "2013.11.29"]
[EventType "swiss"]
[EventRounds "10"]
[EventCountry "ESP"]
[Source "lmi"]
[SourceDate "2013.11.29"]

1. d4 Nf6 2. c4 g6 3. Nc3 d5 4. cxd5 Nxd5 5. Bd2 Bg7 6. e4 Nxc3 7. Bxc3 c5 8.
d5 Bxc3+ 9. bxc3 Qa5 10. Qd2 O-O 11. Bd3 Nd7 12. Nf3 Qc7 13. O-O Kg7 14. Rae1
c4 15. Bb1 f6 16. Nd4 Nc5 17. f4 a6 18. e5 Qd7 19. Nf3 Rd8 20. Qd4 Nd3 21. Bxd3
cxd3 22. d6 Kf8 23. exf6 e6 24. Ng5 Qxd6 25. Nxh7+ Kf7 26. Ng5+ Kf8 27. Qf2 Ke8
28. Qh4 d2 29. Qh7 dxe1=Q 30. Qf7# 1-0

[Event "Benidorm 2013 - Torneo sub2300"]
[Site "Benidorm ESP"]
[Date "2013.11.30"]
[Round "2.31"]
[White "Garcia Trobat, Francisco"]
[Black "Tavares, Eliseu Domingos Man"]
[Result "1-0"]
[WhiteElo "2241"]
[BlackElo "2075"]
[PlyCount "69"]
[EventDate "2013.11.29"]
[EventType "swiss"]
[EventRounds "10"]
[EventCountry "ESP"]
[Source "lmi"]
[SourceDate "2013.11.29"]

1. d4 d5 2. c4 e6 3. Nc3 c6 4. cxd5 exd5 5. Qc2 Nf6 6. Bg5 Be7 7. e3 Nbd7 8.
Bd3 O-O 9. Nge2 Re8 10. g4 Nf8 11. h3 Ne4 12. Bxe7 Qxe7 13. Bxe4 dxe4 14. Ng3
Qb4 15. O-O-O Be6 16. Ngxe4 Rac8 17. Nc5 Rcd8 18. Kb1 Bc8 19. Rhe1 b6 20. Nd3
Qe7 21. f3 Qh4 22. Qg2 Ne6 23. f4 Bb7 24. Ne5 Rc8 25. Nf3 Qe7 26. f5 Nc7 27. e4
f6 28. e5 Nd5 29. Nxd5 cxd5 30. g5 fxg5 31. Nxg5 h6 32. f6 gxf6 33. exf6 Qxf6
34. Ne4+ Qg7 35. Nf6+ 1-0

[Event "Benidorm 2013 - Torneo sub2300"]
[Site "Benidorm ESP"]
[Date "2013.11.30"]
[Round "2.34"]
[White "Simon Padros, Emili"]
[Black "Plass, Mariana-Camelia"]
[Result "1/2-1/2"]
[WhiteElo "2214"]
[BlackElo "2065"]
[PlyCount "57"]
[EventDate "2013.11.29"]
[EventType "swiss"]
[EventRounds "10"]
[EventCountry "ESP"]
[Source "lmi"]
[SourceDate "2013.11.29"]

1. e4 c5 2. Nc3 a6 3. g3 Nc6 4. Bg2 g6 5. f4 d6 6. d3 Bg7 7. Nf3 e6 8. O-O Nge7
9. Be3 Nd4 10. e5 Nef5 11. Bf2 O-O 12. Ne4 Nxf3+ 13. Qxf3 dxe5 14. Bxc5 Ne7 15.
fxe5 Bxe5 16. c3 f5 17. d4 Bc7 18. Nf2 Rb8 19. Nd3 b6 20. Ba3 Bd6 21. Bxd6 Qxd6
22. Qe2 Bd7 23. Qe5 Qxe5 24. Nxe5 Bc8 25. c4 Rd8 26. Rad1 Bb7 27. Bxb7 Rxb7 28.
Rd2 Rc7 29. b3 1/2-1/2

[Event "Benidorm 2013 - Torneo sub2300"]
[Site "Benidorm ESP"]
[Date "2013.11.30"]
[Round "2.37"]
[White "Montalban Galvez, Antoni"]
[Black "Garcia Garcia, Adrian Antonio"]
[Result "1-0"]
[WhiteElo "2183"]
[BlackElo "2050"]
[PlyCount "55"]
[EventDate "2013.11.29"]
[EventType "swiss"]
[EventRounds "10"]
[EventCountry "ESP"]
[Source "lmi"]
[SourceDate "2013.11.29"]

1. Nf3 f5 2. c4 Nf6 3. g3 g6 4. Bg2 Bg7 5. O-O O-O 6. Nc3 c6 7. d4 d6 8. d5 e5
9. dxe6 Bxe6 10. b3 Ne4 11. Nxe4 fxe4 12. Nd4 Bf5 13. Ba3 c5 14. Nxf5 gxf5 15.
Qd5+ Kh8 16. Qxb7 Nd7 17. Rad1 Be5 18. f3 Bd4+ 19. Rxd4 cxd4 20. fxe4 Nb6 21.
Bb2 Kg8 22. exf5 d5 23. cxd5 Rb8 24. Qc6 Re8 25. f6 Kf7 26. Qc2 Rh8 27. Qf5 Qd6
28. Qh5+ 1-0